000 00446nam a2200181Ia 4500
001 24788
005 20260414151106.0
008 260414t2009||||xx |||||||||||||| ||spa||
041 _aESP
082 _a346
_bA36 T. 1
100 _aAlbaladejo, Manuel,
_eAUT
245 0 _aDerecho civil :
_bntroducción y parte general
260 _c2009
300 _a875 páginas :
_c24 cm.
650 _aDER
654 _aCDE
942 _cLIB
_dJUS
_fJUS
_2ddc
_n
999 _c24788
_d24788